LIBRARY & INFORMATION CENTRE, KCAET, TAVANUR

ONLINE PUBLIC ACCESS CATALOGUE (OPAC)

Nashtapetta dinangal / (Record no. 4897)

MARC details
000 -LEADER
fixed length control field 00415cam a2200169ua 4500
041 ## - LANGUAGE CODE
Language code of text/sound track or separate title mal
082 ## - DEWEY DECIMAL CLASSIFICATION NUMBER
Classification number 894.812301
Item number VAS/NA
100 ## - MAIN ENTRY--AUTHOR NAME
Personal name Vasudevan Nair, M T.
245 ## - TITLE STATEMENT
Title Nashtapetta dinangal /
260 ## - PUBLICATION, DISTRIBUTION, ETC. (IMPRINT)
Place of publication Thrissur :
Name of publisher Current Books ,
Year of publication 1963.
300 ## - PHYSICAL DESCRIPTION
Number of Pages 116 ; .
942 ## - ADDED ENTRY ELEMENTS (KOHA)
Koha item type Books
Holdings
Withdrawn status Lost status Damaged status Home library Current library Date acquired Cost, normal purchase price Full call number Accession Number Koha item type
Withdrawn     KAUAET KAUAET 07/04/2012 1.75 894.812301 64 Books
free website counter